| 000 | 01338cam a2200181 4500 | ||
|---|---|---|---|
| 001 | 6011 | ||
| 008 | 010723s1998 enkac 001 p eng | ||
| 020 | _a186019303X | ||
| 100 | 1 |
_aBrowning, Elizabeth Barrett, _d1806-1861 |
|
| 245 | 1 | 0 |
_aElizabeth Barrett Browning : _ba burning passion / _cwritten and compiled by K.E. Sullivan |
| 260 |
_aLondon : _bBrockhampton, _cc1998 |
||
| 300 |
_a96 p. : _bcol. ill., ports. (chiefly col.) ; _c23 cm |
||
| 490 | 1 | _aIllustrated poetry anthology | |
| 500 | _aIncludes index | ||
| 505 | 0 | _aStanzas on the death of Lord Byron -- To -- The autumn -- To Victoire, on her marriage -- Weariness -- Remonstrance -- The cry of the children -- Sleeping and watching -- A child's thought of God -- The sleep -- Tears -- Grief -- A thought for a lonely death-bed -- Pain in pleasure -- Discontent -- Life -- Love -- Cowper's grave -- Song of the rose -- Sonnets from the Portuguese : (extracts) -- Bereavement -- Past and future -- Work -- Casa Guidi windows : a poem (1851) : extract -- Aurora Leigh (1856). First book : (extract) -- Poems before Congress (1860). Christmas gifts ; A curse for a nation : (extract) -- Little Mattie -- My Kate -- My heart and I -- A musical instrument -- Parting lovers : (extract) -- Mother and poet : (extract) | |
| 700 | 1 | _aSullivan, K. E | |
| 830 | 0 | _aIllustrated poetry anthology | |
| 999 |
_c5080 _d5080 |
||